Fauna of British India Including Ceylon and Burma: (Record no. 139689)

MARC details
000 -LEADER
fixed length control field 00543nam a22002057a 4500
003 - CONTROL NUMBER IDENTIFIER
control field OSt
020 ## - INTERNATIONAL STANDARD BOOK NUMBER
International Standard Book Number 8170190867
082 ## - DEWEY DECIMAL CLASSIFICATION NUMBER
Classification number 595.79
Item number BLA/HY
100 ## - MAIN ENTRY--PERSONAL NAME
Personal name Blanford ,W T
245 ## - TITLE STATEMENT
Title Fauna of British India Including Ceylon and Burma:
Remainder of title Hymenoptera-VOl.1 Wasps and Bees
260 ## - PUBLICATION, DISTRIBUTION, ETC. (IMPRINT)
Place of publication, distribution, etc New Delhi
Name of publisher, distributor, etc Today & Tomorrw's Printers and Publishers
Date of publication, distribution, etc 2013
300 ## - PHYSICAL DESCRIPTION
Extent 579 Pages ;
650 ## - SUBJECT ADDED ENTRY--TOPICAL TERM
Topical term or geographic name as entry element Hymenoptera
650 ## - SUBJECT ADDED ENTRY--TOPICAL TERM
Topical term or geographic name as entry element Fossores
650 ## - SUBJECT ADDED ENTRY--TOPICAL TERM
Topical term or geographic name as entry element Mutilla
650 ## - SUBJECT ADDED ENTRY--TOPICAL TERM
Topical term or geographic name as entry element Scolia
650 ## - SUBJECT ADDED ENTRY--TOPICAL TERM
Topical term or geographic name as entry element Pompilus
700 ## - ADDED ENTRY--PERSONAL NAME
Personal name C T Bingham
942 ## - ADDED ENTRY ELEMENTS (KOHA)
Source of classification or shelving scheme Dewey Decimal Classification
Koha item type Books (General)
Holdings
Lost status Source of classification or shelving scheme Damaged status Not for loan Home library Current library Shelving location Date acquired Cost, normal purchase price Total Checkouts Full call number Barcode Date last seen Koha item type
  Dewey Decimal Classification     KAU Central Library, Thrissur KAU Central Library, Thrissur General 08/07/2014 1000.00   595.79 BLA/HY 223852 08/07/2014 Books (General)
Kerala Agricultural University Central Library
Thrissur-(Dt.), Kerala Pin:- 680656, India
Ph : (+91)(487) 2372219
E-mail: librarian@kau.in
Website: http://library.kau.in/